[Event "Summer Prague Open 2017 - B"]
[Site "Praga CZE"]
[Date "2017.08.08"]
[Round "6.6"]
[White "Paseka, Christian"]
[Black "Macha, Vaclav"]
[Result "0-1"]
[WhiteElo "1766"]
[BlackElo "1452"]
[PlyCount "72"]
[EventDate "2017.08.04"]
[EventType "swiss"]
[EventRounds "9"]
[EventCountry "CZE"]
[SourceTitle "Ajedrez en Madrid"]
[Source "lmi"]
[SourceDate "2017.08.04"]
[SourceVersion "1"]
[SourceVersionDate "2017.08.15"]
[SourceQuality "1"]

1. d4 d5 2. c4 e6 3. cxd5 exd5 4. Nf3 Nf6 5. a3 Be7 6. Nc3 c6 7. Bf4 O-O 8. h3
Re8 9. e3 Bd6 10. Bxd6 Qxd6 11. Rc1 Nbd7 12. Be2 Ne4 13. O-O Ndf6 14. Nxe4 Nxe4
15. Nd2 Qg6 16. Nxe4 dxe4 17. Kh1 Be6 18. Rg1 Qh6 19. Kh2 Rad8 20. g4 Qh4 21.
Rg3 Rd5 22. Qg1 Bd7 23. Qg2 Qd8 24. g5 g6 25. Bg4 Rxg5 26. f4 exf3 27. Qf2 Bxg4
28. hxg4 Qe7 29. Re1 Qe4 30. Rxf3 Qxg4 31. Rh3 Rh5 32. Rxh5 Qxh5+ 33. Kg2 Re4
34. Kf1 Rh4 35. Qg3 Qf5+ 36. Ke2 Rh2+ 0-1

[Event "Summer Prague Open 2017 - B"]
[Site "Praga CZE"]
[Date "2017.08.11"]
[Round "9.10"]
[White "Atnilov, Michael"]
[Black "Novikov, Boris S"]
[Result "1/2-1/2"]
[WhiteElo "2073"]
[BlackElo "1000"]
[PlyCount "33"]
[EventDate "2017.08.04"]
[EventType "swiss"]
[EventRounds "9"]
[EventCountry "CZE"]
[SourceTitle "Ajedrez en Madrid"]
[Source "lmi"]
[SourceDate "2017.08.04"]
[SourceVersion "1"]
[SourceVersionDate "2017.08.15"]
[SourceQuality "1"]

1. e4 c5 2. Nf3 Nc6 3. d4 cxd4 4. Nxd4 Nf6 5. Nc3 a6 6. Be3 d6 7. h3 Qc7 8. g4
e6 9. g5 Nd7 10. Qd2 b5 11. O-O-O Bb7 12. f3 Nce5 13. Qf2 Rc8 14. Kb1 Nc4 15.
Bxc4 Qxc4 16. Nb3 b4 17. Na4 1/2-1/2